La literatura y la vida

Gespeichert in:
Bibliographische Detailangaben
1. Verfasser: Deleuze, Gilles (VerfasserIn)
Format: Buch
Sprache:Spanisch
Veröffentlicht: Córdoba Alción Editora 1994
Ausgabe:1a. ed
Schlagworte:
Tags: Tag hinzufügen
Keine Tags, Fügen Sie den ersten Tag hinzu!

MARC

LEADER 00000cam a2200000 a 4500
001 UCE0001
003 CL-VaPUC
008 131227e19940000ag |||||||||||||||||spa|d
020 |a 950940280X 
082 0 4 |a 194  |b DEL  |2 21 
100 |a Deleuze, Gilles  |e author  |9 487836 
245 1 3 |a La literatura y la vida 
250 |a 1a. ed 
300 |a 78 p 
942 |c BK 
945 |d 20131227 10:32:00  |a dcastane 
260 |a Córdoba  |b Alción Editora  |c 1994 
650 0 |a Filosofía francesa   |9 255698 
650 0 |a Ensayos franceses  |9 265511 
650 0 |a Ensayos filosóficos  |9 318909 
583 |a last modification  |c 20131227 10:32:00  |k Rodrigo Vera 
999 |c 354323  |d 354321